Govt. of
Madhya Pradesh

On the Structure and Distrubution on Coral Reefs (Record no. 37065)

MARC details
000 -LEADER
fixed length control field 004600000a22001690004500
003 - CONTROL NUMBER IDENTIFIER
control field MACL
005 - DATE AND TIME OF LATEST TRANSACTION
control field 20160102133456.0
008 - FIXED-LENGTH DATA ELEMENTS--GENERAL INFORMATION
fixed length control field 160102b xxu||||| |||| 00| 0 eng d
040 ## - CATALOGING SOURCE
Original cataloging agency MACL
Transcribing agency MACL
041 ## - LANGUAGE CODE
Language code of text/sound track or separate title English
082 ## - DEWEY DECIMAL CLASSIFICATION NUMBER
Classification number 536.6/WIL
100 ## - MAIN ENTRY--PERSONAL NAME
Personal name Darwin, Charles
9 (RLIN) 21131
245 ## - TITLE STATEMENT
Title On the Structure and Distrubution on Coral Reefs
260 ## - PUBLICATION, DISTRIBUTION, ETC. (IMPRINT)
Name of publisher, distributor, etc. The Walter Scott publishing co Ltd
Place of publication, distribution, etc. London
650 ## - SUBJECT ADDED ENTRY--TOPICAL TERM
Topical term or geographic name as entry element Animals
9 (RLIN) 27094
942 ## - ADDED ENTRY ELEMENTS (KOHA)
Koha item type Books
Call number prefix 593.6/WIL
Source of classification or shelving scheme

No items available.